Statistics for Countries Without First and Last Letter #1

Click here to take the quiz!

General Stats

  • This quiz has been taken 142 times
  • The average score is 19 of 21

Answer Stats

Hint Country % Correct
OZAMBIQUMozambique
100%
HILIPPINEPhilippines
100%
THIOPIEthiopia
98%
USTRALIAustralia
98%
FGHANISTAAfghanistan
98%
ELARUBelarus
98%
UXEMBOURLuxembourg
96%
ICARAGUNicaragua
95%
NDORRAndorra
95%
ALAWMalawi
94%
UWAIKuwait
92%
ANADCanada
91%
CUADOEcuador
90%
IRIBATKiribati
89%
AIWATaiwan
89%
EBANOLebanon
85%
AMAICJamaica
84%
RUGUAUruguay
81%
UVALTuvalu
78%
PAISpain
74%
UINEGuinea
71%

Score Distribution

Percentile by Number Answered

Percent of People with Each Score

Your Score History

You have not taken this quiz